[Event "YUG-ch53"]
[Site "Belgrade "]
[Date "1998.03.19"]
[Round "6"]
[White "Velimirovic, Dragoljub"]
[Black "Djuric, Stefan"]
[Result "1/2-1/2"]
[WhiteElo "2535"]
[BlackElo "2520"]
[Annotator "Ribli"]
[PlyCount "91"]
[EventDate "1998.03.14"]
[EventType "tourn"]
[EventRounds "15"]
[EventCountry "YUG"]
[EventCategory "10"]
[Source "ChessBase"]
[SourceDate "1998.06.02"]
[WhiteTeamCountry "YUG"]
[BlackTeamCountry "RUS"]

1. e4 c5 2. Nf3 e6 3. d4 cxd4 4. Nxd4 a6 5. Nc3 {
Heutzutage wird 5.Bd3 häufiger gespielt. Ribli.} Qc7 6. Be2 Nf6 7. O-O Bb4 {
Schwarz spielt ähnlich wie in der Hauptvariante des Systems nach 7...Nc6 8.Be3
Bb4.} 8. Bd2 {Für den geopferten Bauern bekommt Weiß das Läuferpaar. Es sei
angemerkt, daß der Jugoslawische GM Velimirovic (Namensgeber einer scharfen
Variante der Sizilianische Verteidigung) gern Material für Initiative gibt.} (
8. Qd3 $5 Nc6 9. Nxc6 bxc6 (9... dxc6 10. Bg5 e5 11. Qg3 Be6 12. Rad1 Be7 {
1/2-1/2 Kuczynski,R-Kveinys,A/POL-chT Mikolajki 1991}) 10. f4 d5 11. e5 Nd7 12.
Na4 (12. Qg3 O-O 13. Kh1 f6 14. exf6 Nxf6 15. Bf3 {
1/2-1/2 Videki,S-Fogarasi,T/Honved 1997}) (12. Kh1 O-O 13. Qh3 Be7 14. Bd3 f5
15. Be3 Bb7 16. Ne2 c5 17. c4 d4 18. Bd2 a5 19. Rae1 a4 {
0-1 Holmsten,A-Sokolov,I/26th Rilton Cup, Stockholm SWE 1998 (42)}) 12... a5
13. Qg3 O-O (13... g6 14. Be3 Ba6 15. Bxa6 Rxa6 16. c4 Be7 17. Rac1 Qb7 18. Rc2
O-O 19. Rfc1 Qb4 20. b3 Rd8 21. Qf2 Qb8 22. cxd5 cxd5 23. Rc7 {
Kuczynski,R-Hellmayr,A/Open 1997/1-0 (59)}) 14. Be3 Be7 15. c4 Ba6 16. Rac1 c5
17. b3 d4 18. Bd2 Bb7 19. Rce1 f5 20. exf6 Rxf6 21. Bg4 Nf8 22. h4 $14 {
Landa,K-Raicevic,V/Belgrade-A 1991/1-0 (41)}) (8. Re1 $5 O-O (8... Bxc3 9. bxc3
Nxe4 10. Bf3 $44) 9. Bf1 d6 10. Nb3 $1 b6 11. Bf4 e5 12. Bg5 Nbd7 13. Re3 $1
Bb7 14. f3 h6 15. Bh4 Rfd8 16. a3 $14 {Varavin,V-Landa,K/Perm 1997/1-0 (60)}) (
8. Be3 $6 Bxc3 9. bxc3 Nxe4 10. Bd3 Nf6 11. Re1 d5 12. Nf5 Kf8 13. Nxg7 Kxg7
14. Bd4 Qe7 15. Qg4+ Kf8 16. Qh4 Nbd7 17. Re3 Rg8) 8... Bxc3 $146 {
Das ist die prinzipielle schwarze Fortsetzung.} (8... Nc6 9. Nxc6 (9. Nb3 O-O
$11) 9... bxc6 $11 (9... dxc6 $11) 10. Bd3 a5 11. Qe2 d5 12. a3 Be7 13. exd5
exd5 14. Rae1 Be6 15. f4 O-O 16. f5 Bc5+ 17. Be3 Bxe3+ 18. Qxe3 Bd7 19. Na4 Ng4
{1/2-1/2 Nezhmetdinov,R-Furman,S/URS-ch24 1957 (30)}) (8... O-O $2 9. Ncb5 axb5
10. Bxb4 $16) 9. Bxc3 Nxe4 $13 {Nach meiner Ansicht hat Weiß "halbe
Kompensation" für den Bauern. Ich bin nicht davon überzeugt, daß das - wie
etwa im Slawischen Gambit nach 1.d4 d5 2.c4 c6 3.Nc3 e6 4.e4 dxe4 5.Nxe4 Bb4 6.
Bd2 Qxd4 - genügt.} 10. Bb4 {Weiß hat einen Minusbauern, aber sein Spiel auf
den schwarzen Feldern kompensiert diesen materiellen Nachteil.} d6 (10... Nc5
11. Nb3 d6 (11... Nxb3 12. axb3 $36) 12. Qd4 $44) (10... Nc6) 11. Bf3 (11. Nb3
Nc6 12. Ba3 b6 13. Qd3 Nc5 14. Nxc5 dxc5 $17) 11... Nc5 $5 (11... Nf6 12. c4 $5
$44 (12. Nb3 d5 13. Rc1 (13. c4 Nc6 $17 (13... dxc4 14. Na5 $13)))) 12. Qd2 O-O
13. Rfd1 Nbd7 14. Ba5 (14. c4 Ne5 $15) (14. Nb3 $5 d5 15. Qe3 (15. Qc3 b6)
15... b6 (15... Nxb3 16. axb3 (16. Bxf8 Nxa1 $17) 16... Rd8 (16... Re8 17. Bxd5
$14) 17. c4 dxc4 18. Bd6 $44) 16. c4 Bb7 (16... dxc4 17. Bxa8 (17. Nxc5 bxc5
18. Bxa8 cxb4 $15) 17... cxb3 18. axb3 $14) 17. cxd5 exd5 18. Bxd5 $11) 14...
Qb8 15. Nb3 Nxb3 16. axb3 d5 {Weiß besitzt das Läuferpaar und entfaltet
starken positionellen Druck. Schwarz hat Probleme mit der Entwicklung des
Damenläufers. Trotzdem ist die schwarze Stellung gut verteidigungsfähig.} 17.
c4 $44 Ne5 (17... dxc4 18. bxc4 $44) 18. Be2 (18. cxd5 $2 Nxf3+ 19. gxf3 exd5
20. Qxd5 Be6 $15) 18... Bd7 19. cxd5 exd5 20. Qxd5 Be6 $15 {Noch ist die
Stellung materiell gleich, aber Weiß muß noch den Bauern auf b3 geben. Der
früher passive Damenläufer des Nachziehenders spielt jetzt eine wichtige Rolle.
} 21. Qe4 Bxb3 22. Rdc1 Re8 $5 (22... Nc6) 23. Bc7 Nc6 24. Qf4 {
Weiß möchte die Damen auf dem Brett behalten.} (24. Bxb8 Rxe4 25. Bf3 $15) (24.
Qxc6 bxc6 25. Bxb8 Rxe2 (25... Raxb8 26. Bxa6 $11 (26. Bf3 $6 Bd5 $15)) 26. Bd6
$15) 24... Qa7 25. Bf1 Qd4 26. Qg3 (26. Qxd4 Nxd4 $15) 26... Be6 27. h3 {
Weiss opfert einen zweiten Bauern, denn nach 27...Qxb2 wird der schwarze Bauer
b7 auch schwach.} (27. Rc3) (27. Qa3) 27... Qxb2 28. Rab1 Qd2 (28... Qf6 29.
Rxb7 $15) 29. Rd1 Qc2 30. Rdc1 Qd2 31. Rd1 Qc2 32. Rdc1 Qd2 {Das ist schon
dreimalige Stellungswiederholung. Nach dem 28., dem 30. und jetzt dem 32.Zug
von Weiß haben wir dieselbe Stellung.  Statt allerdings Remis beim
Schiedsrichter zu beanspruchen, spielte Schwarz diesen Zug und damit zur
großen Überraschung trotz zweier Minusbauern auf Gewinn.} 33. Bd3 Qh6 (33...
Rac8 34. Bf4 Qa5 35. Rxb7 $15) (33... Nd4 34. Be5 $18) 34. Bf4 (34. Rxb7 $4
Qxc1+) 34... Qf6 35. Rxb7 Bd5 36. Rb6 h6 37. Bxa6 $11 {Endlich hat Weiß das
materielle Gleichgewicht wiederhergestellt, aber er hat keinen Vorteil, denn
das Läuferpaar ist hier ohne große Bedeutung.} (37. Rxa6 Rxa6 38. Bxa6 Nd4 39.
Bf1 $11) 37... Re6 38. Kh2 Qd8 (38... Nd4 39. Rxe6 Qxe6 $11 (39... Nxe6 40. Be5
$11)) (38... Qd4 39. Be3 $11) 39. Bc7 (39. Rcb1 Rg6 $17) 39... Qe7 40. Bb7 Ra3
41. Bxc6 {Das ist für Weiß die einzige Gegenchance. Er gibt die Dame gegen
Turm und Leichtfigur, kann wegen des reduzierten Materials das Remis halten.} (
41. Qf4 $2 g5 $19) 41... Rxg3 42. Bxg3 Bxc6 43. Rbxc6 Rxc6 {Schwarz muß die
Türme tauschen, aber auch mit den Türmen auf dem Brett kann Weiß remis halten.}
(43... Re2 44. R6c2 $11) 44. Rxc6 Qe4 45. Rc8+ Kh7 46. h4 {
und in dieser gleichen Stellung wurde endlich Remis gegeben.} 1/2-1/2

[Event "YUG-ch53"]
[Site "Belgrade "]
[Date "1998.03.20"]
[Round "7"]
[White "Ilincic, Zlatko"]
[Black "Velimirovic, Dragoljub"]
[Result "0-1"]
[WhiteElo "2565"]
[BlackElo "2535"]
[Annotator "Stohl,I"]
[PlyCount "78"]
[EventDate "1998.03.14"]
[EventType "tourn"]
[EventRounds "15"]
[EventCountry "YUG"]
[EventCategory "10"]
[Source "ChessBase"]
[SourceDate "1998.06.02"]
[WhiteTeamCountry "YUG"]
[BlackTeamCountry "RUS"]

1. d4 Nf6 2. c4 c5 3. d5 g6 4. Nc3 Bg7 5. Nf3 O-O 6. g3 d6 7. Bg2 e6 8. O-O
exd5 9. cxd5 Nbd7 10. Nd2 Nh5 $5 {One of the basic positions in g3 Benoni
lines. Black usually plays lines with Re8, often after first inserting the a6,
a4 moves. Velimirovic, as a Benoni expert of long standing, looks for new
horizons.} ({One of the other less played alternatives he has already tried was
} 10... Ne8 $5 11. a4 (11. Re1 b6 12. Qc2 Ba6 13. b3 b5 14. Bb2 Nc7 15. a3 Rc8
16. Nd1 Bxb2 17. Qxb2 Qf6 18. Ne4 Qxb2 19. Nxb2 Ne8 20. Nd3 Ndf6 $11 {
1/2,Portisch,L-Ivkov,B/Hoogovens/1965/}) (11. e4 Ne5 12. Qe2 a6 13. a4 Bg4 14.
f3 Bd7 15. h3 f5 16. f4 Nf7 17. Nc4 fxe4 18. Nxe4 b5 19. axb5 Bxb5 (19... axb5
$5 20. Rxa8 Qxa8 21. Nb6 Qa7 22. Nxd7 Qxd7 23. g4 $10) 20. Ra3 Nf6 21. Ng5 Nxg5
22. fxg5 Bxc4 23. Qxc4 Nd7 24. Rxa6 Bd4+ 25. Kh2 Ne5 26. Rxa8 Qxa8 27. Rxf8+
Kxf8 28. Qc2 Qa5 $44 {Smejkal,J-Hort,V/Wijk aan Zee/1975/}) 11... f5 (11... Rb8
12. Qc2 a6 13. a5 Nc7 14. Nc4 Ne5 15. Na3 f5 16. h3 g5 17. f4 gxf4 18. gxf4 Ng6
19. Kh2 Bd7 20. Rg1 Ne8 21. Nc4 Bb5 22. Nb6 Qh4 23. e3 Nf6 24. Bf3 Rbe8 25. Qg2
Bd3 26. Bd2 Rf7 27. Qg3 Rfe7 28. Qxh4 Nxh4 29. Bh1 Kf7 30. Ra3 c4 31. Ra4 Rc7
32. Rb4 $14 {Ilincic,Z-Velimirovic,D/JUG-ch/1994/}) (11... Ne5 12. f4 Ng4 13.
Nf3 (13. Nc4 $142) 13... f5 14. Re1 Nc7 15. Qb3 Re8 16. e3 Rb8 17. Bd2 Nf6 18.
Ng5 h6 19. Nh3 Ng4 20. Bf3 Bd7 21. Qc2 Na6 22. Bxg4 Nb4 23. Qb3 fxg4 24. Nf2 g5
25. Nb5 $13 {Bielicki,C-Garcia,R/ARG-ch/1965/}) 12. Nc4 Ne5 13. Qb3 Nxc4 14.
Qxc4 a6 15. Bd2 Bd7 16. b4 b5 17. axb5 axb5 18. Rxa8 Qxa8 19. Qb3 c4 20. Qb2
Nf6 21. Ra1 Qb7 22. Qa3 Rb8 23. Qa7 Ne8 24. Ra3 Qc8 25. Qa6 Bd4 26. e3 Qxa6 27.
Rxa6 Bb6 28. e4 Nc7 $11 {Najdorf,M-Garcia,R/Sen-Jun/1968/}) 11. a4 ({
More logical and strategically founded is probably} 11. Nc4 $5 Ne5 12. Nxe5
Bxe5 13. Bh6 Re8 14. Qd2 Rb8 15. a4 a6 16. Rab1 b5 17. axb5 axb5 18. b4 c4 19.
e4 f5 20. Rbc1 Qf6 21. Bg5 Qg7 22. Rfe1 Nf6 23. Bh6 Qf7 24. exf5 Bxf5 25. h3
$14 {Akopian,V-De Firmian,N/Moscow GMA-qual f/1990/}) (11. Nde4 Ndf6 12. Bg5 h6
13. Nxf6+ Nxf6 14. Bd2 Re8 15. h3 Bf5 16. Qc1 h5 17. Bh6 Qd7 $11 {
Djuric,S-de Firmian,N/New York/1986/}) 11... f5 12. a5 $146 (12. Nb5 Ne5 13. f4
Ng4 $6 (13... Nf7 $142 $13) 14. Nc4 Bd7 15. Nbxd6 Rb8 16. Ra3 b6 17. h3 Ngf6
18. Kh2 a6 19. e4 Nxe4 20. Nxe4 fxe4 21. Bxe4 Nf6 22. Bg2 Bf5 23. Re1 h5 24. d6
b5 25. axb5 axb5 26. Ne5 b4 27. Ra7 $16 {
Glavina,P-De Firmian,N/Oviedo rapid/1993/}) 12... f4 $5 $13 13. Nb5 (13. Nc4 $6
Ne5 $15 {|^>>}) 13... Ne5 (13... Ndf6 14. Nc4 Ne8 15. e3 $36) 14. Ne4 fxg3 $8 (
14... Nc4 15. Qc2 Nxa5 16. Nbxd6 $16) 15. hxg3 Nf7 16. Qb3 (16. Qc2 $5 {
/\Bd2-c3}) 16... Bf5 17. Bd2 Qe7 18. Ra4 a6 (18... Nf6 $5 19. Nxf6+ Bxf6 20. e4
Bd7 $132) 19. Nbc3 (19. Na3 $2 Bd4 $36) 19... Bd4 $5 20. e3 Bg7 {><f3 Although
Black lost a tempo, he managed to weaken White's >> and create targets for a
future attack.} 21. Qb6 Rac8 (21... Rad8 {/\Ne5} 22. b4 $5 c4 23. b5 $132) 22.
Rc1 c4 (22... Rfd8 $5 {/\Ne5-d3}) 23. b3 $1 Bxc3 $5 {
To activate Nf7 in the most natural way Black must exchange his important Bg7.}
24. Nxc3 Ne5 25. bxc4 Bd7 $5 {Black sacrifices a pawn to speed up his attack.}
(25... Nxc4 26. Qd4 Nb2 27. Raa1 (27. Qh4 Qxh4 28. Rxh4 Nc4 $13) 27... Rc4 28.
Qb6 $14) 26. Ra2 (26. Qxb7 $2 Qf7 $17) 26... Nf3+ 27. Bxf3 $8 (27. Kf1 Nxg3+
$17) (27. Kh1 Qe5 $40) 27... Rxf3 $44 28. Ne2 Rcf8 29. Be1 (29. Nf4 $2 Nxg3 30.
fxg3 Rxg3+ 31. Kf2 Qh4 32. Ke2 Rxf4 $40 {/\} 33. exf4 Bg4+ 34. Kf1 Qh1+ 35. Kf2
Qf3+ 36. Ke1 Qe2#) 29... Qf7 $6 (29... g5 $1 $44 {/\Qf7->}) 30. Nf4 g5 31. Nxh5
Qxh5 32. Bc3 Bg4 33. Qd4 $6 $138 (33. Qxd6 $1 Rxf2 (33... R3f6 34. Bxf6 Bf3 35.
Qe6+ Rf7 36. Qe8+ $18) (33... R3f7 34. Qe5 Rf6 35. f4 $1 {/\Rh2+-}) 34. Rxf2
Rxf2 35. Qb8+ Rf8 36. Qe5 $18) 33... R8f6 34. e4 $2 {
This tactical mistake is much more serious and costs White a full point.} (34.
Re1 $5 R3f5 (34... R3f4 $2 35. exf4 Bf3 36. Re8+ Kf7 37. Qxf6+ $18) 35. f4 Bf3
36. Rh2 Qg4 37. Kf2 $16) 34... Qh3 $6 $138 (34... Rxc3 $1 35. Rxc3 (35. Qxc3
Bf3 $19) 35... Rh6 36. f3 Qh1+ 37. Kf2 Rh2+ 38. Ke3 Qxf3#) 35. Rd2 (35. Rb1
R3f4 $1 36. Qb6 (36. Rxb7 Bf3 $19) 36... Rh6 $1 (36... Bf3 $2 37. Qd8+ Rf8 38.
Qxg5+ $18) 37. Qd8+ Rf8 38. Qxg5+ Rg6 39. Qh4 $8 Qxh4 40. gxh4 Be2+ 41. Kh1 Rf3
$1 42. Kh2 Rxf2+ 43. Kh3 Bg4+ $19) 35... R3f4 (35... Rxc3 $1 36. Rxc3 Rh6 $19)
36. f3 Rxf3 $19 37. Rg2 Kf7 $138 (37... Rxg3 $142 38. Rcc2 Bf3 $19) 38. Ba1 Rh6
$1 39. Qg7+ Ke8 (39... Ke8 40. Qg8+ Rf8 $19 {
and White has to lose his Q to stave off mate.}) 0-1

[Event "YUG-ch53"]
[Site "Belgrade "]
[Date "1998.03.21"]
[Round "8"]
[White "Velimirovic, Dragoljub"]
[Black "Knezevic, Bojan"]
[Result "1-0"]
[WhiteElo "2535"]
[BlackElo "2420"]
[PlyCount "109"]
[EventDate "1998.03.14"]
[EventType "tourn"]
[EventRounds "15"]
[EventCountry "YUG"]
[EventCategory "10"]
[Source "ChessBase"]
[SourceDate "1998.06.02"]
[WhiteTeamCountry "YUG"]
[BlackTeamCountry "RUS"]

1. e4 c5 2. Nf3 Nc6 3. d4 cxd4 4. Nxd4 Nf6 5. Nc3 d6 6. Bc4 e6 7. Be3 a6 8. Bb3
Qc7 9. f4 Na5 10. g4 h6 11. g5 hxg5 12. fxg5 Nd7 13. g6 Ne5 14. gxf7+ Qxf7 15.
Qe2 Nxb3 16. axb3 Qh5 17. Ndb5 Kd8 18. Qxh5 Rxh5 19. O-O Be7 20. Rfd1 Nf7 21.
Bf4 Kd7 22. Nxd6 Bxd6 23. e5 Rxe5 24. Bxe5 Nxe5 25. Ne4 Nf7 26. Rxd6+ Nxd6 27.
Rd1 Ke7 28. Nxd6 Rb8 29. Nc4 Bd7 30. Ne5 Be8 31. c4 Rc8 32. Kf2 Rc5 33. Re1 Kf6
34. Ng4+ Kf5 35. b4 Rc7 36. Kg3 Re7 37. Re5+ Kg6 38. Kf4 Bc6 39. Rg5+ Kf7 40.
Ne5+ Kg8 41. Nxc6 bxc6 42. Ra5 Rf7+ 43. Ke3 Rb7 44. Ra4 Kf7 45. Kd4 Kf6 46. Kc5
e5 47. Rxa6 Kf5 48. Rxc6 e4 49. Ra6 e3 50. Ra1 Ke4 51. b5 Rc7+ 52. Kb4 e2 53.
Re1 Kd4 54. b3 Re7 55. b6 1-0

[Event "YUG-ch53"]
[Site "Belgrade "]
[Date "1998.03.22"]
[Round "9"]
[White "Tosic, Miroslav"]
[Black "Velimirovic, Dragoljub"]
[Result "1/2-1/2"]
[WhiteElo "2505"]
[BlackElo "2535"]
[Annotator "Stohl,I"]
[PlyCount "87"]
[EventDate "1998.03.14"]
[EventType "tourn"]
[EventRounds "15"]
[EventCountry "YUG"]
[EventCategory "10"]
[Source "ChessBase"]
[SourceDate "1998.06.02"]
[WhiteTeamCountry "YUG"]
[BlackTeamCountry "RUS"]

1. d4 c5 2. d5 Nf6 3. Nc3 g6 4. g3 $5 {A very rare move.} ({
In this modification of the Benoni White mostly plays} 4. e4 d6 (4... Bg7 5. e5
$5 Ng8 6. Bf4 (6. Nf3 d6 7. Bb5+ Bd7 8. Qe2 Bxb5 9. Qxb5+ Qd7 10. O-O Na6 11.
Qxd7+ Kxd7 12. Ng5 Bxe5 13. Nxf7 Nb4 14. Ne4 Nxc2 15. Rb1 Rf8 16. Nxh8 Bxh8 17.
Rd1 Bd4 18. a3 Nf6 19. Nxf6+ Bxf6 20. Bh6 Rf7 21. Rd2 Nd4 22. Be3 Bg7 23. b4 b6
$44 {Depasquale,C-Gluzman,M/Victoria-ch/1992/}) 6... Nh6 7. Nf3 O-O 8. h3 d6 9.
Be2 Qb6 10. Qd2 Nf5 11. O-O Nd7 12. exd6 Nxd6 13. Rab1 Qa5 14. Rfe1 Nf6 15. Bd3
Re8 16. g4 Qd8 17. Bf1 Bd7 18. Ne5 a6 19. a4 Rb8 20. Bg2 h5 21. f3 b5 22. axb5
axb5 23. b4 $36 {Juergens,V-Sadkiewicz,J/BLW/1993/}) 5. Nf3 Bg7 {
-A43 main line.}) 4... Bg7 5. Bg2 d6 6. a4 (6. Nf3 b5 $5 $132) (6. e4 O-O (6...
a6 7. a4 O-O 8. Nge2 e5 9. O-O Nbd7 10. h3 b6 11. Be3 Rb8 12. Qd2 Qc7 13. Rfb1
Re8 14. Kh2 Nf8 15. b4 cxb4 16. Rxb4 N8d7 17. Nc1 Nc5 18. Nd3 Nfd7 19. Rab1
Nxd3 20. Qxd3 Bf8 21. Nd1 Nc5 22. Qa3 Bd7 23. Nc3 Rec8 24. Qb2 Nd3 25. cxd3
Qxc3 26. Qxc3 Rxc3 27. Bxb6 $16 {Juergens,V-Koglin,A/BLW9192/1992/}) 7. Nge2 (
7. a4 e6 8. dxe6 fxe6 9. Nge2 Nc6 10. O-O a6 11. Bf4 Ne8 12. Be3 Qe7 13. f4 Rb8
14. Qd2 Kh8 15. Rad1 b5 16. axb5 axb5 17. e5 d5 18. Nxd5 exd5 19. Qxd5 Nd4 20.
Nxd4 cxd4 21. Qxd4 Bf5 22. c3 h5 23. Ra1 Nc7 $13 {
Shipman,W-Vulicevic,N/New York op/1992/}) 7... Bd7 8. a4 Na6 9. O-O Qc8 10. Nf4
Nc7 11. h3 a6 12. a5 Rb8 13. Na4 Na8 14. Re1 b5 15. axb6 Nxb6 16. Nxb6 Rxb6 17.
Ra2 Ne8 18. c3 Bb5 19. Ra3 Nc7 20. Qc2 Qb8 21. h4 Bd7 22. Qe2 Rb3 $132 {
Kostic,B-Milic,B/Bled/1950/}) 6... O-O 7. Nf3 Na6 8. O-O Nc7 9. Re1 b6 (9... e6
$5 10. e4 (10. dxe6 Bxe6 11. Ng5 d5 $13) 10... exd5 11. exd5 Bg4 $132) 10. e4
Bg4 (10... Bb7 11. Bf4 a6 {/\b5<=>}) 11. Bf4 Nd7 12. Qd2 Bxf3 (12... a6 13. Nh4
$1 {><Bg4} (13. Bh6 {-12...Bf3})) 13. Bxf3 a6 14. Bh6 (14. Be2 $5 Rb8 15. Rab1
$14 {/\b4}) 14... Ne5 (14... b5 $5 15. Bxg7 Kxg7 16. axb5 axb5 $11) 15. Be2
Bxh6 16. Qxh6 f6 17. Kg2 (17. f4 $142 $5 Nf7 18. Qh3 $14) (17. Qd2 $14) 17...
Qd7 $1 {/\b5<=>} 18. f4 Ng4 $11 19. Bxg4 $8 Qxg4 20. Nd1 Qd7 21. Ne3 e6 $1 (
21... b5 $6 22. f5 $40) 22. Nc4 (22. Qh3 Rae8 {<=><->e}) (22. dxe6 $6 Qxe6 $15
{><e4}) 22... Rab8 23. dxe6 Qxe6 24. b3 b5 25. axb5 axb5 26. Nd2 (26. Ra7 $6
bxc4 27. Rxc7 Rf7 $36 {><Qh6}) 26... Ra8 27. Rxa8 Rxa8 28. Nf3 Ra2 29. Re2 Nd5
$1 {/\Nc3,Rc2! With White's Q still out of play on h6 Black seems to take over
the initiative. White must react forcefully.} 30. f5 $1 gxf5 $8 31. Ng5 Qe7 32.
Nxh7 $1 {A dangerous tactical blow.} fxe4 (32... Qxh7 $143 $2 33. Qxh7+ Kxh7
34. exd5 b4 35. Kf3 $16 {><d6,f5,f6}) 33. Qg6+ (33. Qh5 Ne3+ 34. Rxe3 Rxc2+ 35.
Kg1 Qxh7 36. Qe8+ Kg7 37. Qe7+ $11) 33... Kh8 $1 (33... Qg7 $143 34. Qe8+ (34.
Qxe4 $40 {/\} Nc3 $2 35. Qe8+ Kxh7 36. Qh5+ $18) 34... Kxh7 35. Qh5+ Qh6 36.
Qxd5 $16) 34. Rxe4 Rxc2+ 35. Kf3 (35. Kh3 $4 Qxh7+ $19) (35. Kf1 Ne3+ $5 (35...
Rc1+ $11) 36. Ke1 $11 (36. Rxe3 Qxe3 37. Qxc2 Qf3+ 38. Kg1 Kg7 $1 $15 {><Nh7}))
(35. Kg1 Rc1+ $11) 35... Rc3+ 36. Kf2 Rc2+ 37. Ke1 Rc1+ 38. Kf2 ({
A tactical resource saves Black after} 38. Kd2 Rd1+ $1 39. Kc2 (39. Kxd1 $2
Qxe4 $1 $19) 39... Ne3+ 40. Rxe3 (40. Kb2 Rd2+ 41. Kc1 Rd1+ $11) (40. Kc3 b4+
$11) 40... Qxe3 41. Kxd1 Qg1+ 42. Ke2 Qxh2+ 43. Kf3 Qxh7 44. Qxf6+ $11) 38...
Rc2+ 39. Kg1 Rc1+ 40. Kg2 Rc2+ 41. Kf3 Rc3+ 42. Kf2 Rc2+ 43. Ke1 Rc1+ 44. Kf2
1/2-1/2

[Event "YUG-ch53"]
[Site "Belgrade "]
[Date "1998.03.25"]
[Round "11"]
[White "Damljanovic, Branko"]
[Black "Velimirovic, Dragoljub"]
[Result "1-0"]
[WhiteElo "2540"]
[BlackElo "2535"]
[Annotator "Finkel,A"]
[PlyCount "61"]
[EventDate "1998.03.14"]
[EventType "tourn"]
[EventRounds "15"]
[EventCountry "YUG"]
[EventCategory "10"]
[Source "ChessBase"]
[SourceDate "1998.06.02"]
[WhiteTeamCountry "YUG"]
[BlackTeamCountry "RUS"]

1. Nf3 c5 2. e4 Nc6 3. Bb5 g6 4. O-O Bg7 5. Re1 Nd4 6. Nxd4 cxd4 7. c3 e6 (7...
e5 $2 8. cxd4 exd4 9. d3 Ne7 10. Bg5 O-O 11. Nd2 d6 12. Bc4 Be6 13. Qa4 $16 {
Zagema,W-Pieczka,R/Dortmund op-A 1992 (23)}) (7... Qb6 $5 8. Qb3 (8. Na3 $5 a6
$6 9. Ba4 Nf6 10. e5 Nd5 11. Bb3 Nc7 12. Nc4 Qa7 13. a4 $1 $16 {
Vasiukov,E-Zinn,L/Berlin Lasker 1968 (39)}) 8... Nf6 9. Bc4 Qxb3 10. axb3 dxc3
11. Nxc3 a6 12. e5 Ng4 13. d4 Rb8 14. Bf4 $36 {
Przedmojski,R-Skrobek,R/POL-chT Bydgoszcz 1990 (34)}) 8. e5 $1 (8. Na3 $5 Ne7
9. cxd4 Bxd4 10. Nc2 Bxf2+ 11. Kxf2 Qb6+ 12. d4 Qxb5 13. a4 Qb6 14. Bg5 f6 15.
Bh6 $44 {Hug-Hübner/SMM 1991 (52)}) 8... Ne7 $5 {
Interesting idea,which proved itself in the game.Another possibility was} (8...
a6 $5 9. Ba4 $6 (9. Bf1 dxc3 (9... Qb6 $6 10. Na3 d5 11. cxd4 $5 (11. Nc2 dxc3
12. dxc3 Ne7 13. Nd4 $14) 11... Qxd4 12. Nc2 Qb6 13. d4 Ne7 14. b3 O-O 15. Bg5
$16) 10. dxc3 Ne7 11. Na3 b5 (11... O-O 12. Nc4 b5 13. Nd6 f6 14. exf6 Rxf6 15.
Bg5 Rf8 16. Qd2 $16) 12. c4 b4 13. Nc2 a5 14. Bg5 $14) 9... d3 10. Qf3 (10. f4
b5 11. Bb3 Bb7 12. Re3 f6 $132) 10... Qc7 11. Qe4 Ne7 $13) (8... Qb6 $2 9. Na3
a6 10. Nc4 $1) 9. cxd4 O-O 10. Nc3 a6 11. Ba4 $6 ({Deserved attention} 11. Bf1
$5) 11... d5 $1 $132 12. Ne2 (12. d3 b5 13. Bb3 Nc6 14. Be3 (14. Ne2 f6 15. f4
$2 Qb6 16. Be3 fxe5 17. fxe5 Bxe5 $17) 14... f6 15. exf6 Qxf6 16. Ne2 Bd7 17.
Qd2 $14) 12... b5 13. Bb3 a5 14. a4 b4 15. d3 Nf5 (15... Nc6 $5) 16. Be3 f6 $1
{Black has sufficient counterplay and despite of the lack of the pawn his
chanses are not worse.} 17. exf6 Qxf6 18. Qd2 Ra7 $6 {Dubious decision to give
up the c-file,because on the kingside black can't create anything.Better was} (
18... Nxe3 $5 19. Qxe3 (19. fxe3 $2 Qf2+ 20. Kh1 Bh6) 19... Bd7 20. Rac1 Rac8
21. g3 g5 $44 {with complicated position.}) 19. Rac1 Nxe3 20. Qxe3 Raf7 21. Rf1
g5 $6 22. Rc6 Qf5 (22... Qd8 23. f3 Bd7 24. Rc5 h6 25. Rfc1 $16) 23. f3 h5 $6 (
23... Rf6 $5 $132 24. Rc5 g4 (24... Ba6 25. Bc4 $1) 25. Rxa5 Rh6 26. Ng3 Qf6
27. fxg4 Qxd4 28. Rxf8+ Kxf8 29. Qxd4 Bxd4+ 30. Kf1 Ke7 31. Nh5 $14) 24. Rfc1
$36 Bd7 25. Rd6 Kh7 $2 (25... h4 $1 26. Rc7 Rd8 27. h3 $14) 26. Ng3 Qf6 $6 (
26... Qf4 $8 27. Qxf4 gxf4 28. Ne2 Bf6 29. Rc5 Bd8 30. Bxd5 $1 exd5 31. Rcxd5
Bxa4 32. Rxd8 Rxd8 33. Rxd8 Bc2 $16) 27. Bxd5 $18 Bh6 (27... Qxd4 $2 28. Be4+
$18) 28. Nxh5 Qe7 29. Qe4+ Kh8 30. Rxd7 $1 Qxd7 31. Bxe6 1-0

[Event "YUG-ch53"]
[Site "Belgrade "]
[Date "1998.03.26"]
[Round "12"]
[White "Kovacevic, Aleksandar"]
[Black "Velimirovic, Dragoljub"]
[Result "1/2-1/2"]
[WhiteElo "2515"]
[BlackElo "2535"]
[PlyCount "25"]
[EventDate "1998.03.14"]
[EventType "tourn"]
[EventRounds "15"]
[EventCountry "YUG"]
[EventCategory "10"]
[Source "ChessBase"]
[SourceDate "1998.06.02"]
[WhiteTeamCountry "YUG"]
[BlackTeamCountry "RUS"]

1. e4 c5 2. Nf3 Nc6 3. d4 cxd4 4. Nxd4 g6 5. c4 Bg7 6. Be3 Nf6 7. Nc3 d6 8. Be2
O-O 9. O-O Bd7 10. Qd2 Nxd4 11. Bxd4 Bc6 12. f3 a5 13. Rac1 1/2-1/2

[Event "YUG-ch53"]
[Site "Belgrade "]
[Date "1998.03.28"]
[Round "14"]
[White "Drasko, Milan"]
[Black "Velimirovic, Dragoljub"]
[Result "0-1"]
[WhiteElo "2515"]
[BlackElo "2535"]
[PlyCount "82"]
[EventDate "1998.03.14"]
[EventType "tourn"]
[EventRounds "15"]
[EventCountry "YUG"]
[EventCategory "10"]
[Source "ChessBase"]
[SourceDate "1998.06.02"]
[WhiteTeamCountry "YUG"]
[BlackTeamCountry "RUS"]

1. Nf3 g6 2. g3 c5 3. c4 Bg7 4. Bg2 Nc6 5. O-O a6 6. Nc3 Rb8 7. d3 Nf6 8. Bf4
d6 9. Qd2 h6 10. Nd5 Nh5 11. Be3 e6 12. Nc3 e5 13. Ne1 Nf6 14. h3 Nd4 15. f4
Nh5 16. Bf2 exf4 17. gxf4 O-O 18. e3 Nf5 19. Nf3 b5 20. Rfd1 Be6 21. cxb5 axb5
22. e4 Ne7 23. d4 Qc8 24. Kh2 b4 25. Ne2 d5 26. Rac1 c4 27. Ne5 dxe4 28. Nxc4
Qa6 29. b3 f5 30. Ne5 Bf6 31. Bf1 Qd6 32. Be3 Rbc8 33. Ng3 Ng7 34. Bc4 Bd5 35.
Bxd5+ Nxd5 36. Nxg6 Rc3 37. Rxc3 bxc3 38. Qf2 c2 39. Rc1 Nxe3 40. Nxf8 Bxd4 41.
Kh1 Kxf8 0-1